000 00607nam a2200169 a 4500
008 120416s2000 ||||||||||||||||| || u
020 _a0750647566
050 _aTA 153 Too
100 _aTooley, Mike
245 1 0 _aEngineering GNVQ: intermediate. 2nd ed.
250 _a2nd ed.
260 _aOxford:
_bReed educational and professional publis
_c2000
350 _a0.00
650 _aENGINEERING--PROBLEMS, EXERCISES, ETC
650 _aENGINEERING
995 _D0.00
_FCBU-MAIN LIBRARY (Kitwe)
_H1
_I21.95
_M1
_UAVAILABLE
_ZMain Library Open Access Collection
999 _c41943
_d41943